000 00365nam a2200145Ia 4500
008 231129s1986||||xx |||||||||||||| ||spa||
020 _a958-16-0113-9
040 _bspa
082 _aU813 D582n
100 _aDimona Joseph
245 0 _aNido de aguilas
260 _c1986
264 _aLa Montana Magica
942 _2ddc
_cBKS
999 _c21666
_d21666